[Event "Asia CCCL"]
[Site "Khanty-Mansiysk"]
[Date "2025.06.23"]
[Round "6.2"]
[White "Saydaliev, Akobirkhon"]
[Black "Vetokhin, Savva"]
[Result "1/2-1/2"]
[WhiteElo "2299"]
[BlackElo "2570"]
[PlyCount "189"]
[EventDate "2025.06.18"]
[EventType "team-tourn"]
[EventRounds "7"]
[EventCountry "RUS"]
[SourceTitle "CB27_2025"]
[SourceDate "2025.07.02"]
[SourceVersion "1"]
[SourceVersionDate "2025.07.02"]
[SourceQuality "1"]
[WhiteTeam "Uzbekistan CC"]
[BlackTeam "Ugra Chess Academy"]
[WhiteTeamCountry "UZB"]
[BlackTeamCountry "RUS"]

1. e4 e5 2. Nf3 Nc6 3. Bc4 Nf6 4. d3 Be7 5. 0-0 0-0 6. Re1 d6 7. a4 Be6 8. Nc3 a5 9. Nd5 h6 10. c3 Qd7 11. Qb3 Rab8 12. Be3 Nd8 13. d4 Bxd5 14. exd5 e4 15. Nd2 c6 16. f3 exf3 17. Nxf3 cxd5 18. Bxd5 Qf5 19. Bc4 d5 20. Bb5 Bd6 21. Ne5 Nc6 22. Bd3 Qc8 23. Nf3 Qc7 24. c4 Ng4 25. h3 Nxe3 26. Rxe3 Nxd4 27. Nxd4 Bc5 28. Kh1 Bxd4 29. Rf3 Qd6 30. cxd5 Bb6 31. Raf1 Rbe8 32. Bc2 Bc7 33. g3 Qd7 34. Bf5 Qe7 35. Bc2 Bd6 36. Qd3 g6 37. b3 f5 38. Qd4 h5 39. Bd3 Qg5 40. Qf2 Rf7 41. Re1 Rxe1+ 42. Qxe1 Re7 43. Qf2 Qc1+ 44. Bf1 Re1 45. Qg2 Rd1 46. Qe2 Kh7 47. Qc4 Qd2 48. Qb5 Qxd5 49. Qxd5 Rxd5 50. Bd3 Kh6 51. Kg2 Kg5 52. h4+ Kf6 53. Kh3 Bc5 54. Kg2 Rd8 55. Kf1 Rd7 56. Kg2 Re7 57. Kf1 Ke5 58. Kg2 Kd6 59. Kf1 Bd4 60. Bc4 Ke5 61. Kg2 Rc7 62. Kf1 Kd6 63. Rd3 Kc5 64. Ke2 Re7+ 65. Kf1 b6 66. Rd2 Re4 67. Kg2 Re1 68. Bf7 Re3 69. Rc2+ Kd6 70. Rd2 Kc5 71. Rc2+ Bc3 72. Kf2 Kd4 73. Re2 Rd3 74. Bxg6 Bd2 75. Bf7 Be3+ 76. Kg2 Rc3 77. Rb2 f4 78. gxf4 Bxf4 79. Bxh5 Rg3+ 80. Kf1 Rh3 81. Rf2 Rxh4 82. Bf7 Ke4 83. Bg6+ Kd4 84. Bf7 Be3 85. Rf6 Rh2 86. Bc4 Kc3 87. Rd6 Bd4 88. Rg6 Rb2 89. Rg3+ Kb4 90. Rg4 Bc5 91. Ke1 Be3 92. Re4 Bd2+ 93. Kd1 Kc3 94. Ke2 Bg5+ 95. Kf3 1/2-1/2

[Event "Asia-ch"]
[Site "Al Ain"]
[Date "2025.05.12"]
[Round "6"]
[White "Vetokhin, Savva"]
[Black "Rozum, Ivan"]
[Result "1/2-1/2"]
[WhiteElo "2558"]
[BlackElo "2439"]
[PlyCount "40"]
[EventDate "2025.05.07"]
[EventType "swiss"]
[EventRounds "9"]
[EventCountry "UAE"]
[SourceTitle "CB21_2025"]
[SourceDate "2025.05.21"]
[SourceVersion "1"]
[SourceVersionDate "2025.05.21"]
[SourceQuality "1"]

1. d4 Nf6 2. c4 e6 3. Nc3 Bb4 4. Nf3 b6 5. e3 0-0 6. Bd3 d5 7. cxd5 exd5 8. 0-0 Ba6 9. Bxa6 Nxa6 10. Bd2 Re8 11. a3 Bf8 12. b4 c5 13. dxc5 bxc5 14. bxc5 Nxc5 15. Ne2 Nce4 16. Bc3 Nxc3 17. Nxc3 Rc8 18. Ne2 Qa5 19. Qd3 Rc7 20. Rfd1 Rec8 1/2-1/2

[Event "Asia-ch Blitz"]
[Site "Al Ain"]
[Date "2025.05.10"]
[Round "3"]
[White "Gong, Sunle"]
[Black "Vetokhin, Savva"]
[Result "0-1"]
[WhiteElo "2398"]
[BlackElo "2558"]
[PlyCount "100"]
[EventDate "2025.05.10"]
[EventType "swiss (blitz)"]
[EventRounds "9"]
[EventCountry "UAE"]
[SourceTitle "CB20_2025"]
[SourceDate "2025.05.14"]
[SourceVersion "1"]
[SourceVersionDate "2025.05.14"]
[SourceQuality "1"]

1. d4 Nf6 2. c4 e6 3. Nc3 d5 4. cxd5 exd5 5. Bg5 Be7 6. e3 h6 7. Bh4 Bg4 8. Nf3 0-0 9. h3 Bxf3 10. Qxf3 Nbd7 11. Bd3 c6 12. g4 Re8 13. g5 Ne4 14. Nxe4 dxe4 15. Bxe4 Bxg5 16. Bxg5 Qxg5 17. 0-0-0 Qf6 18. Qg4 Rad8 19. Rhg1 Nf8 20. Bc2 b6 21. Rg3 Rd5 22. Rf3 Qg5 23. Bb3 Qxg4 24. hxg4 Rd7 25. Rh1 Nh7 26. Bc2 Nf6 27. Rg1 Rd5 28. Bf5 c5 29. dxc5 Rxc5+ 30. Kb1 Rd8 31. Rf4 Rd2 32. Rc1 Nd5 33. Rxc5 bxc5 34. Ra4 Rxf2 35. Rxa7 Rf1+ 36. Kc2 Nxe3+ 37. Kd3 Nxf5 38. gxf5 Rxf5 39. a4 h5 40. Re7 h4 41. Re1 g5 42. Ra1 Rf6 43. Kc4 h3 44. Rg1 Rf4+ 45. Kxc5 g4 46. a5 h2 47. Ra1 g3 48. a6 g2 49. a7 g1Q+ 50. Rxg1+ hxg1Q+ 0-1

[Event "Asia-ch Blitz"]
[Site "Al Ain"]
[Date "2025.05.10"]
[Round "7"]
[White "Tarigan, Gilbert Elroy"]
[Black "Vetokhin, Savva"]
[Result "0-1"]
[WhiteElo "2415"]
[BlackElo "2558"]
[PlyCount "112"]
[EventDate "2025.05.10"]
[EventType "swiss (blitz)"]
[EventRounds "9"]
[EventCountry "UAE"]
[SourceTitle "CB20_2025"]
[SourceDate "2025.05.14"]
[SourceVersion "1"]
[SourceVersionDate "2025.05.14"]
[SourceQuality "1"]

1. e4 c5 2. Nc3 Nc6 3. f4 g6 4. Nf3 Bg7 5. a4 e6 6. e5 d6 7. Bb5 Nge7 8. Ne4 dxe5 9. fxe5 0-0 10. Nf6+ Kh8 11. 0-0 Nxe5 12. Nxe5 Qd4+ 13. Kh1 Qxe5 14. Ng4 Qd6 15. Ra3 f5 16. Ne3 Qc7 17. a5 Bd7 18. Bc4 Nc6 19. a6 b6 20. d3 Rad8 21. Qe1 Bc8 22. Nd1 Nd4 23. Qf2 b5 24. Ba2 b4 25. Ra4 Bd7 26. b3 Bxa4 27. bxa4 Qb6 28. Bc4 Qd6 29. Bg5 Rde8 30. Qh4 Nc6 31. Bb5 Rc8 32. Ne3 Qd4 33. Qh3 Ne5 34. Rf4 Qa1+ 35. Rf1 Qc3 36. Bh6 Bxh6 37. Qxh6 Nf7 38. Qf4 Qe5 39. Qf3 Qc7 40. Qf2 Nd6 41. Bc4 Nxc4 42. Nxc4 e5 43. Re1 Rce8 44. h3 Re7 45. Qh4 Kg7 46. Ne3 Qd7 47. Qg5 h6 48. Qh4 e4 49. Rd1 Qe6 50. Nc4 exd3 51. cxd3 Qe2 52. Rc1 f4 53. Rg1 f3 54. gxf3 Qxf3+ 55. Rg2 Re6 56. Nd2 Qf4 0-1

[Event "Asia-ch Blitz"]
[Site "Al Ain"]
[Date "2025.05.10"]
[Round "6"]
[White "Vetokhin, Savva"]
[Black "Anas, Khwaira"]
[Result "1-0"]
[WhiteElo "2558"]
[BlackElo "2173"]
[PlyCount "92"]
[EventDate "2025.05.10"]
[EventType "swiss (blitz)"]
[EventRounds "9"]
[EventCountry "UAE"]
[SourceTitle "CB20_2025"]
[SourceDate "2025.05.14"]
[SourceVersion "1"]
[SourceVersionDate "2025.05.14"]
[SourceQuality "1"]

1. d4 Nf6 2. c4 g6 3. Nc3 Bg7 4. e4 d6 5. Nf3 0-0 6. Be2 Na6 7. 0-0 e5 8. Be3 Ng4 9. Bg5 f6 10. Bc1 f5 11. Bg5 Qe8 12. dxe5 Nxe5 13. Nxe5 Qxe5 14. exf5 Qxf5 15. Be3 Be6 16. Bd3 Qf7 17. Qe2 Nc5 18. Bxc5 dxc5 19. Ne4 Qe7 20. Nxc5 Qxc5 21. Qxe6+ Kh8 22. Rae1 Bxb2 23. Qh3 Rf6 24. Be4 Bd4 25. Bf3 Raf8 26. Re4 Qd6 27. Qg3 Qxg3 28. hxg3 c5 29. Rb1 b6 30. g4 Rf4 31. Re7 R4f7 32. Re2 Kg7 33. a4 Rd8 34. Kh2 Rdd7 35. Kg3 Rfe7 36. Rbe1 Rxe2 37. Rxe2 Bf6 38. Bd5 Re7 39. Rd2 Be5+ 40. Kf3 Bd4 41. g3 Re8 42. Ra2 Rf8+ 43. Kg2 Re8 44. f4 Re3 45. a5 Rb3 46. axb6 Rxb6 1-0

[Event "San Vicente op 9th"]
[Site "San Vicente"]
[Date "2025.04.17"]
[Round "3"]
[White "Vega Gutierrez, Sabrina Neide"]
[Black "Vetokhin, Savva"]
[Result "0-1"]
[WhiteElo "2380"]
[BlackElo "2549"]
[PlyCount "72"]
[EventDate "2025.04.16"]
[EventType "swiss"]
[EventRounds "9"]
[EventCountry "ESP"]
[SourceTitle "CB17_2025"]
[SourceDate "2025.04.23"]
[SourceVersion "1"]
[SourceVersionDate "2025.04.23"]
[SourceQuality "1"]

1. e4 c5 2. Nf3 Nc6 3. d4 cxd4 4. Nxd4 e5 5. Nb5 d6 6. c4 g6 7. Bd3 Nf6 8. N5c3 Bg7 9. Bg5 h6 10. Bxf6 Bxf6 11. Nd5 Bg7 12. Nbc3 0-0 13. h4 h5 14. Be2 Nd4 15. Qd3 a6 16. 0-0-0 b5 17. f3 Rb8 18. Rdg1 Be6 19. g4 hxg4 20. fxg4 b4 21. Nd1 Bxd5 22. exd5 Qa5 23. Kb1 b3 24. a3 e4 25. Qc3 Qc5 26. Qe3 Rfc8 27. g5 Qa5 28. h5 Nc2 29. Qc1 Bxb2 30. Qxb2 Nxa3+ 31. Kc1 Nxc4 32. Bxc4 Rxc4+ 33. Kb1 Rc2 34. Rg2 Qa2+ 35. Qxa2 bxa2+ 36. Kxc2 a1Q 0-1

[Event "Chessable Masters Play In"]
[Site "Chess.com INT"]
[Date "2025.02.17"]
[Round "9"]
[White "Rustemov, Alexander"]
[Black "Vetokhin, Savva"]
[Result "1/2-1/2"]
[WhiteElo "2525"]
[BlackElo "2533"]
[PlyCount "158"]
[EventDate "2025.02.17"]
[EventType "swiss (blitz)"]
[EventRounds "9"]
[EventCountry "USA"]
[SourceTitle "CB08_2025"]
[SourceDate "2025.02.19"]
[SourceVersion "1"]
[SourceVersionDate "2025.02.19"]
[SourceQuality "1"]

1. d4 Nf6 2. c4 e6 3. Nf3 d5 4. cxd5 exd5 5. Nc3 Bb4 6. Bf4 0-0 7. e3 c5 8. dxc5 Bxc5 9. Bd3 Nc6 10. 0-0 Bg4 11. h3 Bh5 12. g4 Bg6 13. Bxg6 hxg6 14. g5 Ne4 15. Qxd5 Nxc3 16. Qxc5 Ne2+ 17. Kg2 Nxf4+ 18. exf4 Qd3 19. Rad1 Qe4 20. Qe3 Qa4 21. a3 Rfe8 22. Ne5 Re6 23. Qg3 Nxe5 24. fxe5 Qe4+ 25. f3 Qxe5 26. Qxe5 Rxe5 27. f4 Rb5 28. Rf2 Rc8 29. Rd3 a5 30. Kg3 a4 31. Rfd2 Rc4 32. Kg4 Kh7 33. Rd4 Rc1 34. Rxa4 Rb3 35. Rg2 Rh1 36. Rb4 Rxb4 37. axb4 f5+ 38. gxf6 gxf6 39. Rd2 Kh6 40. Rd7 Rb1 41. Rxb7 Rxb2 42. f5 Rg2+ 43. Kf3 Rh2 44. Kg3 Rc2 45. fxg6 Kxg6 46. b5 Rc3+ 47. Kg2 Kg5 48. b6 Kf4 49. Rg7 Rc2+ 50. Kh1 Rb2 51. b7 f5 52. h4 Kf3 53. h5 Rb6 54. Kg1 Rb1+ 55. Kh2 Rb2+ 56. Kh3 f4 57. Kh4 Ke4 58. h6 f3 59. Re7+ Kd5 60. Rf7 Ke6 61. Rxf3 Rxb7 62. Kg5 Rb1 63. Rh3 Rg1+ 64. Kf4 Rf1+ 65. Kg3 Rg1+ 66. Kf4 Rf1+ 67. Kg5 Rg1+ 68. Kh5 Kf7 69. Rh4 Ra1 70. Rf4+ Kg8 71. Kg6 Rg1+ 72. Kf5 Rb1 73. Kg6 Rb6+ 74. Rf6 Rb8 75. h7+ Kh8 76. Kh6 Rc8 77. Rg6 Rb8 78. Rg8+ Rxg8 79. hxg8Q+ Kxg8 1/2-1/2

[Event "Titled Tuesday intern op 11th Feb Early"]
[Site "Chess.com INT"]
[Date "2025.02.11"]
[Round "8"]
[White "Esipenko, Andrey"]
[Black "Vetokhin, Savva"]
[Result "1-0"]
[WhiteElo "2695"]
[BlackElo "2533"]
[PlyCount "97"]
[EventDate "2025.02.11"]
[EventType "swiss (blitz)"]
[EventRounds "11"]
[EventCountry "USA"]
[SourceTitle "CB08_2025"]
[SourceDate "2025.02.19"]
[SourceVersion "1"]
[SourceVersionDate "2025.02.19"]
[SourceQuality "1"]

1. d4 Nf6 2. c4 e6 3. Bg5 d5 4. e3 Be7 5. cxd5 exd5 6. Bd3 0-0 7. Nc3 h6 8. Bh4 Re8 9. Nf3 c6 10. Bg3 Bg4 11. Qc2 Bxf3 12. gxf3 Nbd7 13. Rg1 Rc8 14. Bf4 Kh8 15. Kf1 c5 16. dxc5 Nxc5 17. Bf5 Ne6 18. Bxe6 fxe6 19. Qg6 Rg8 20. Ne2 Qe8 21. Nd4 Bc5 22. Be5 Qxg6 23. Rxg6 Kh7 24. Rg1 Nd7 25. Bg3 Bxd4 26. exd4 Rc2 27. b3 Rd2 28. Kg2 Rxd4 29. Rge1 Re8 30. Rac1 Rd2 31. Rc7 Nf6 32. a4 d4 33. Rxb7 d3 34. Be5 Nh5 35. Rxa7 Re2 36. Kf1 Rc8 37. Rd7 Rc5 38. f4 Rcc2 39. Rxe2 dxe2+ 40. Ke1 Kg6 41. Rd2 Rc1+ 42. Kxe2 Rb1 43. Rb2 Nxf4+ 44. Kf3 Rxb2 45. Bxb2 Nd3 46. a5 Nb4 47. Bc3 Nd5 48. a6 Kf5 49. Ba5 1-0

[Event "Titled Tuesday intern op 11th Feb Early"]
[Site "Chess.com INT"]
[Date "2025.02.11"]
[Round "10"]
[White "Samunenkov, Igor"]
[Black "Vetokhin, Savva"]
[Result "1/2-1/2"]
[WhiteElo "2550"]
[BlackElo "2533"]
[PlyCount "107"]
[EventDate "2025.02.11"]
[EventType "swiss (blitz)"]
[EventRounds "11"]
[EventCountry "USA"]
[SourceTitle "CB09_2025"]
[SourceDate "2025.02.27"]
[SourceVersion "1"]
[SourceVersionDate "2025.02.27"]
[SourceQuality "1"]

1. d4 Nf6 2. c4 e6 3. g3 d5 4. Nf3 dxc4 5. Bg2 c5 6. 0-0 Nc6 7. dxc5 Qxd1 8. Rxd1 Bxc5 9. Nbd2 c3 10. bxc3 0-0 11. Nb3 Be7 12. c4 Bd7 13. Bb2 Rfc8 14. a4 Be8 15. a5 Nd7 16. Ne1 Rab8 17. Nd3 b6 18. a6 Nc5 19. Nbxc5 bxc5 20. Ba3 Nd4 21. Bb7 Rc7 22. Ra2 Ba4 23. Rc1 Bc6 24. Bxc5 Bxc5 25. Nxc5 Bxb7 26. Nxb7 Rbc8 27. e3 Nb3 28. Rb1 Nc5 29. Nxc5 Rxc5 30. Rb7 R5c7 31. c5 g5 32. Rd2 Kg7 33. c6 Rxc6 34. Rxa7 Rc1+ 35. Kg2 Ra1 36. Rdd7 Rf8 37. Rd6 Kg6 38. Rb7 Rc8 39. Rdd7 f5 40. Rg7+ Kf6 41. a7 Rc2 42. Rbf7+ Ke5 43. Rg8 Raa2 44. a8Q Rxf2+ 45. Kg1 Rfb2 46. Qxa2 Rxa2 47. Rxg5 Ke4 48. Re7 Kf3 49. h4 Ra1+ 50. Kh2 Ra2+ 51. Kh3 Ra1 52. Kh2 Ra2+ 53. Kh3 Ra1 54. Kh2 1/2-1/2

[Event "Titled Tuesday intern op 11th Feb Early"]
[Site "Chess.com INT"]
[Date "2025.02.11"]
[Round "9"]
[White "Vetokhin, Savva"]
[Black "Haug, Havard"]
[Result "1-0"]
[WhiteElo "2533"]
[BlackElo "2340"]
[PlyCount "163"]
[EventDate "2025.02.11"]
[EventType "swiss (blitz)"]
[EventRounds "11"]
[EventCountry "USA"]
[SourceTitle "CB09_2025"]
[SourceDate "2025.02.27"]
[SourceVersion "1"]
[SourceVersionDate "2025.02.27"]
[SourceQuality "1"]

1. d4 g6 2. c4 Bg7 3. Nf3 c6 4. Nc3 d5 5. cxd5 cxd5 6. g3 Nf6 7. Bg2 0-0 8. 0-0 Ne4 9. Bf4 Nc6 10. Rc1 Nxc3 11. Rxc3 Bg4 12. Ne5 Bxe5 13. Bxe5 Nxe5 14. dxe5 Be6 15. Qd4 Qa5 16. Rfc1 Kg7 17. h4 h5 18. a3 Qb5 19. R1c2 Rfd8 20. Bf3 Qb6 21. Qxb6 axb6 22. Rc7 Bf5 23. Rd2 e6 24. Rxb7 Rdc8 25. Rxb6 Rc1+ 26. Kg2 Rac8 27. e3 Bg4 28. Bxg4 hxg4 29. Rb4 R8c4 30. Rxc4 dxc4 31. Rd4 c3 32. bxc3 Rxc3 33. a4 Rc5 34. Rxg4 Rxe5 35. Rb4 Rc5 36. Rb2 Ra5 37. Ra2 f5 38. Kf3 Kf6 39. Ke2 Ke5 40. f3 Kd5 41. g4 fxg4 42. fxg4 Kc4 43. Kf3 Kb3 44. Rd2 Ra6 45. Rd4 Kc3 46. Kf4 Ra5 47. Re4 e5+ 48. Rxe5 Rxa4+ 49. Kg5 Kd3 50. e4 Ra6 51. Re8 Kd4 52. e5 Kd5 53. h5 gxh5 54. Kxh5 Ra1 55. g5 Rh1+ 56. Kg6 Kc6 57. e6 Kd6 58. Kg7 Ke5 59. g6 Kd6 60. Kg8 Rh2 61. g7 Rf2 62. Rf8 Rh2 63. Rf7 Kxe6 64. Kf8 Ra2 65. g8Q Ra8+ 66. Kg7 Rxg8+ 67. Kxg8 Ke5 68. Kg7 Ke6 69. Kg6 Ke5 70. Rf5+ Ke6 71. Rg5 Ke7 72. Re5+ Kd6 73. Kf6 Kd7 74. Rd5+ Kc7 75. Ke6 Kc6 76. Re5 Kc7 77. Rc5+ Kb7 78. Kd6 Kb6 79. Rd5 Kb7 80. Rb5+ Kc8 81. Rb6 Kd8 82. Rb8# 1-0

[Event "Titled Tuesday intern op 04th Feb Early"]
[Site "Chess.com INT"]
[Date "2025.02.04"]
[Round "10"]
[White "Abrosimov, Vladimir"]
[Black "Vetokhin, Savva"]
[Result "0-1"]
[WhiteElo "2341"]
[BlackElo "2533"]
[PlyCount "76"]
[EventDate "2025.02.04"]
[EventType "swiss (blitz)"]
[EventRounds "11"]
[EventCountry "USA"]
[SourceTitle "CB07_2025"]
[SourceDate "2025.02.12"]
[SourceVersion "1"]
[SourceVersionDate "2025.02.12"]
[SourceQuality "1"]

1. c4 e6 2. Nc3 d5 3. cxd5 exd5 4. d4 Nf6 5. Bg5 Be7 6. e3 h6 7. Bh4 Bg4 8. Be2 Bxe2 9. Ngxe2 0-0 10. 0-0 Nbd7 11. f3 Re8 12. Bf2 c5 13. Rc1 Rc8 14. Re1 a6 15. Ng3 cxd4 16. exd4 Nf8 17. Nf5 Ne6 18. Nxe7+ Qxe7 19. Bh4 g5 20. Bg3 Qd7 21. Be5 Nh7 22. Qd3 Nhf8 23. Qf5 Ng6 24. g3 Rc4 25. b3 Rc6 26. Ne2 Rec8 27. Rxc6 Rxc6 28. Rc1 Rxc1+ 29. Nxc1 Qc6 30. Ne2 Qb5 31. Kf2 Qa5 32. Qc2 Nxe5 33. dxe5 Qb6+ 34. Kg2 Qe3 35. Nc3 Nd4 36. Qb2 Qxf3+ 37. Kg1 Qxc3 38. Qa3 Qf3 0-1

[Event "Titled Tuesday intern op 04th Feb Early"]
[Site "Chess.com INT"]
[Date "2025.02.04"]
[Round "7"]
[White "Decker, Thomas"]
[Black "Vetokhin, Savva"]
[Result "1-0"]
[WhiteElo "2299"]
[BlackElo "2533"]
[PlyCount "105"]
[EventDate "2025.02.04"]
[EventType "swiss (blitz)"]
[EventRounds "11"]
[EventCountry "USA"]
[SourceTitle "CB07_2025"]
[SourceDate "2025.02.12"]
[SourceVersion "1"]
[SourceVersionDate "2025.02.12"]
[SourceQuality "1"]

1. d4 Nf6 2. c4 e6 3. Nf3 d5 4. Nc3 Bb4 5. Qb3 a5 6. a3 Bxc3+ 7. Qxc3 b6 8. Bf4 0-0 9. e3 Ba6 10. Ne5 dxc4 11. Bxc4 Nd5 12. Qd3 Nxf4 13. exf4 Bb7 14. 0-0 Nd7 15. Rad1 Nf6 16. f5 Be4 17. Qe3 Bxf5 18. Qf4 Qd6 19. f3 Nd7 20. g4 Bc2 21. Rd2 Bg6 22. h4 Rad8 23. Rfd1 Nxe5 24. dxe5 Qc5+ 25. Kg2 Rxd2+ 26. Rxd2 h6 27. h5 Bh7 28. Be2 Qe7 29. Qd4 g6 30. hxg6 Bxg6 31. Rd1 Kg7 32. Qf4 Rd8 33. Qf6+ Qxf6 34. exf6+ Kxf6 35. Rxd8 Ke7 36. Rh8 c5 37. Rxh6 Bc2 38. Kf2 Kd6 39. Ke3 Kd5 40. Bd3 Bd1 41. Rh5+ Kd6 42. Rh7 f6 43. Rh6 Ke5 44. f4+ Kd5 45. g5 fxg5 46. fxg5 Ke5 47. Rf6 b5 48. Bxb5 Bg4 49. Rf4 Bh5 50. Be2 Bg6 51. Bd3 Bf5 52. Bxf5 exf5 53. Ra4 1-0

[Event "Titled Tuesday intern op 04th Feb Early"]
[Site "Chess.com INT"]
[Date "2025.02.04"]
[Round "8"]
[White "Fogo Esquivel, Levi Kalani Alexand"]
[Black "Vetokhin, Savva"]
[Result "0-1"]
[WhiteElo "2026"]
[BlackElo "2533"]
[PlyCount "98"]
[EventDate "2025.02.04"]
[EventType "swiss (blitz)"]
[EventRounds "11"]
[EventCountry "USA"]
[SourceTitle "CB07_2025"]
[SourceDate "2025.02.12"]
[SourceVersion "1"]
[SourceVersionDate "2025.02.12"]
[SourceQuality "1"]

1. e4 c5 2. Nf3 d6 3. c3 Nf6 4. Be2 g6 5. 0-0 Bg7 6. Re1 0-0 7. Bf1 a6 8. d4 b5 9. dxc5 dxc5 10. Qxd8 Rxd8 11. Be3 Nxe4 12. Nbd2 Nxd2 13. Nxd2 Bb7 14. Nb3 c4 15. Nc5 Bc6 16. a4 Nd7 17. axb5 axb5 18. Nxd7 Rxd7 19. Rxa8+ Bxa8 20. Ra1 Bd5 21. f3 f5 22. Kf2 Kf7 23. Ra5 Rb7 24. Be2 Be6 25. Bc5 Be5 26. g3 Bd6 27. Bxd6 exd6 28. Ke3 b4 29. Kd4 bxc3 30. bxc3 Rb2 31. Bxc4 Bxc4 32. Kxc4 Rxh2 33. Kd5 Rh3 34. Kxd6 Rxg3 35. Ra7+ Kf6 36. Rxh7 Rxf3 37. c4 Rd3+ 38. Kc5 f4 39. Rh2 f3 40. Kb4 g5 41. c5 g4 42. c6 Rd8 43. Kc4 Kf5 44. Rc2 g3 45. c7 Rc8 46. Kd3 Kg4 47. Ke3 f2 48. Ke2 Re8+ 49. Kd3 f1Q+ 0-1

[Event "Titled Tuesday intern op 04th Feb Early"]
[Site "Chess.com INT"]
[Date "2025.02.04"]
[Round "9"]
[White "Vetokhin, Savva"]
[Black "Baylav, Can"]
[Result "1-0"]
[WhiteElo "2533"]
[BlackElo "2056"]
[PlyCount "101"]
[EventDate "2025.02.04"]
[EventType "swiss (blitz)"]
[EventRounds "11"]
[EventCountry "USA"]
[SourceTitle "CB07_2025"]
[SourceDate "2025.02.12"]
[SourceVersion "1"]
[SourceVersionDate "2025.02.12"]
[SourceQuality "1"]

1. d4 Nf6 2. c4 g6 3. Nc3 d5 4. cxd5 Nxd5 5. e4 Nxc3 6. bxc3 Bg7 7. Nf3 c5 8. Bb5+ Nc6 9. 0-0 0-0 10. Bxc6 bxc6 11. Qc2 Bg4 12. Ne5 Bxe5 13. dxe5 Qc7 14. h3 Be6 15. Be3 Qxe5 16. f4 Qh5 17. f5 Bc4 18. Rf3 Rfd8 19. Qf2 gxf5 20. Rxf5 Qe2 21. Qg3+ Kf8 22. Rxc5 Be6 23. Re1 Qxa2 24. Bh6+ Ke8 25. Qg8+ Kd7 26. Rd1+ Kc7 27. Bf4+ Kb6 28. Rxd8 Rxd8 29. Qxd8+ Kxc5 30. Qxe7+ Kc4 31. Qb4+ Kd3 32. Qd4+ Kc2 33. Kh2 Qc4 34. Qd2+ Kb3 35. Qd1+ Kb2 36. Qc1+ Ka2 37. Qc2+ Ka1 38. Bc1 Qb3 39. Qf2 Kb1 40. Be3 Qc2 41. Qf1+ Ka2 42. Qa6+ Kb3 43. Qxa7 Kxc3 44. Qc5+ Kd3 45. Qd4+ Ke2 46. Bh6 Qd3 47. Qb4 c5 48. Qxc5 Qxe4 49. Qb5+ Qd3 50. Qe5+ Qe4 51. Qxe4+ 1-0

[Event "Titled Tuesday intern op 04th Feb Early"]
[Site "Chess.com INT"]
[Date "2025.02.04"]
[Round "6"]
[White "Vetokhin, Savva"]
[Black "Brancaleoni, Maurizio"]
[Result "1-0"]
[WhiteElo "2533"]
[BlackElo "2180"]
[PlyCount "95"]
[EventDate "2025.02.04"]
[EventType "swiss (blitz)"]
[EventRounds "11"]
[EventCountry "USA"]
[SourceTitle "CB07_2025"]
[SourceDate "2025.02.12"]
[SourceVersion "1"]
[SourceVersionDate "2025.02.12"]
[SourceQuality "1"]

1. d4 Nf6 2. c3 d5 3. Nf3 Bf5 4. Qb3 Qc8 5. Bf4 e6 6. Nbd2 Nbd7 7. e3 Be7 8. Be2 Nh5 9. Bg5 Bxg5 10. Nxg5 Nhf6 11. 0-0 0-0 12. c4 c6 13. Rac1 Rb8 14. Bd3 Bxd3 15. Qxd3 Qd8 16. Rfd1 Qe7 17. a3 Rfd8 18. f4 c5 19. cxd5 exd5 20. dxc5 Nxc5 21. Qd4 b6 22. b4 Ne6 23. Nxe6 Qxe6 24. Nf3 Rbc8 25. Ne5 Rxc1 26. Rxc1 Rc8 27. Rc3 Ne4 28. Rxc8+ Qxc8 29. h3 Qc3 30. Qxc3 Nxc3 31. Nc6 a5 32. bxa5 bxa5 33. Nxa5 Nb5 34. e4 dxe4 35. Nc4 Kf8 36. a4 Na7 37. Nd6 Ke7 38. Nxe4 Ke6 39. Kf2 Kd5 40. Ke3 f6 41. g4 Nc6 42. Ng3 Nb4 43. Nh5 g6 44. Nxf6+ Kc4 45. Nxh7 Nd5+ 46. Kf3 Kb4 47. Nf8 Ne7 48. h4 1-0